03661 2201033 4500001002100000005001500021035002000036245006900056100001700125250001700142300003600159260003400195082001000229084001600239020002200255650002100277008004100298520116800339990001601507990001601523990001601539990001601555990001601571990001601587990001601603990001601619990001601635990001601651990001601667990001601683990001601699990001601715990001601731990001601747990001601763990001601779990001601795990001601811990001601827990001601843990001601859990001601875990001601891990001601907990001601923990001601939990001601955990001601971990001601987990001602003990001602019990001602035990001602051990001602067990001602083990001602099990001602115990001602131990001602147990001602163990001602179990001602195990001602211990001602227990001602243990001602259990001602275990001602291990001602307990001602323990001602339990001602355990001602371990001602387990001602403990001602419990001602435990001602451990001602467990001602483990001602499990001602515990001602531990001602547990001602563990001602579990001602595990001602611INLIS00000000000045920250430090352 a0010-07240000141 aBahasa Arab 4 untuk Kelas IV Madrasah Ibtidaiyah /cAgus Wahyudi0 aAgus Wahyudi acetakan ke-1 axviii, 126 hlm :bilus ;c25 cm aSolo :bTiga Serangkai,c2020 a492.7 a492.7 AGU b a978-623-269-028-8 4aBuku Teks Bacaan250430 0  aPembelajaran Bahasa Arab di madrasah bertujuan untuk mempersiapkan peserta didik yang memiliki kemampuan menggunakan bahasa Arab sebagai alat komunikasi global dan alat mendalami agama dari sumber otentik yang berbahasa Arab. Buku Bahasa Arab untuk Madrasah Ibtidaiyah hadir untuk mewujudkan tujuan tersebut. Dalam rangka menyajikan sumber pembelajaran yang lebih memadai dan terkini, materi disusun berdasarkan Kompetensi Inti dan Kompetensi Dasar terbaru, yaitu Keputusan Menteri Agama Nomor 183 Tahun 2019 (??? 183). Dalam usaha menjadikan pembelajaran lebih menarik, penyajian dalam buku ini terdiri atas empat komponen pokok kompetensi (maharat), yaitu istima (mendengar), kalam (berbicara). qira ah (membaca), dan kitabah (menulis). Disajikan dengan bahasa sederhana dan mudah dipahami, buku juga dilengkapi dengan fitur mufradat (kosakata), qawa id (tata bahasa), digital learning dalam bentuk QR Code, dan juga soal HOTS. Dengan fitur kekinian, bahasa yang komunikatif dan mudah dipahami, serta pengalaman penu lis dalam bidangnya, menjadikan buku ini layak dipilih sebagai salah satu sarana pencetak peserta didik yang mahir berbahasa Arab. a00000001280 a00000001281 a00000001282 a00000001283 a00000001284 a00000001285 a00000001286 a00000001287 a00000001288 a00000001289 a00000001290 a00000001291 a00000001292 a00000001293 a00000001294 a00000001295 a00000001296 a00000001297 a00000001298 a00000001299 a00000001300 a00000001301 a00000001302 a00000001303 a00000001304 a00000001305 a00000001306 a00000001307 a00000001308 a00000001309 a00000001310 a00000001311 a00000001312 a00000001313 a00000001314 a00000001315 a00000001316 a00000001317 a00000001318 a00000001319 a00000001320 a00000001321 a00000001322 a00000001323 a00000001324 a00000001325 a00000001326 a00000001327 a00000001328 a00000001329 a00000001330 a00000001331 a00000001332 a00000001333 a00000001334 a00000001335 a00000001336 a00000001337 a00000001338 a00000001339 a00000001340 a00000001341 a00000001342 a00000001343 a00000001344 a00000001345 a00000001346 a00000001347 a00000001348 a00000001349